00419nam a2200109Ia 4500008004100000082002000041110004200061245006700103260005300170300001100223650007500234120622s9999 xx 000 0 und d a972.91064 P418r aInstituto Cubano del Libro. La Habana aPensamiento revolucionario cubano / Instituto Cubano del Libro aLa Habana, Cuba : Editorial de Ciencias Sociales a476 p. a1. CUBA - HISTORIA - REVOLUCION, 1959 \ 2. MARXISMO \ 3. SOCIALISMOÌ